000 00506nam a22001937a 4500
003 MPLRDC
005 20220104124237.0
008 210129b ||||| |||| 00| 0 eng d
020 _a978-983-2564-81-2
082 _a947.416 XYL-3 v.2 c.2
100 _a徐有利
245 _a漫画成语. 2
_c
250 _a初版
260 _a马来西亚
_b青苹果工作室 G. APPLE STUDIO SDN BHD
_c
300 _b150
490 _a哥妹俩
650 _a哥妹俩漫画
942 _cBK
_o947.416 XYL-3 v.2 c.2
999 _c17783
_d17773